Sự tích và truyền thuyết dân gian

Sparad:
Bibliografiska uppgifter
Huvudupphovsman: Hoàng, Lê
Övriga upphovsmän: Trần, Việt Kỉnh, Võ, Văn Trực
Materialtyp: Bok
Språk:Vietnamese
Publicerad: Hà Nội Văn hóa dân tộc 2012
Ämnen:
Taggar: Lägg till en tagg
Inga taggar, Lägg till första taggen!
Thư viện lưu trữ: Trung tâm Học liệu Lê Vũ Hùng, Trường Đại học Đồng Tháp
LEADER 00956aam a22002778a 4500
001 00030075
005 20171026081022.0
008 121212s2012 ||||||viesd
020 # # |a 9786047001446 
041 0 # |a vie 
082 |b S550T  |a 398.220 959 7 
100 1 # |a Hoàng, Lê 
245 1 0 |a Sự tích và truyền thuyết dân gian  |c Hoàng Lê, Trần Việt Kỉnh, Võ Văn Trực 
260 # # |a Hà Nội  |b Văn hóa dân tộc  |c 2012 
300 # # |a 455 tr.  |c 21 cm. 
500 # # |a ĐTTS ghi : Hội văn nghệ dân gian Việt Nam 
653 # # |a Sự tích 
653 # # |a Văn học dân gian 
653 # # |a Việt Nam 
653 # # |a Truyền thuyết 
700 1 # |a Trần, Việt Kỉnh 
700 1 # |a Võ, Văn Trực 
852 # # |j KD.0014230 
852 # # |b Kho đọc  |j KD.0014230 
910 |d 12/12/2012 
980 # # |a Trung tâm Học liệu Lê Vũ Hùng, Trường Đại học Đồng Tháp